000 00924nam a2200181 i 4500
001 152529
003 ES-MaACL
005 20230906204801.0
008 971017s1856 fr |||| | fre d
040 _aCAM
_bspa
_cCAM
100 1 _aBouniol, Bathild.
_930937
245 1 2 _aL'art chrétien et l'école allemande avec une notice sur M. Overbeck... : [ suivi du catalogue de Schulgen et Schwan éditeurs de l'oeuvre d'Overbeck] /
_cBathild Bouniol.
260 _aParis :
_bAmbroise Bray [et] Schulgen et Schwan,
_c1856.
300 _a104 p., [1] h. de lám. ;
_c19 cm.
505 8 _aCatalogue des oeuvres gravées ou lithographiées d'après les tableaux et dessins des maitres ; Ecole allemande, Overbeck, Cornelius, Veit, Deger, Führich etc ... Ecole française, école italienne, choix de gravures d'après divers maîtres
650 4 _aArte religioso-
_zAlemania.
_9162404
852 _aES-MaACL
_jG-9916
_z-- Enc. hol.
999 _c152529
_d152529